Plantilla top 4 Uefa Nations League 2019 - Estadísticas

Estadísticas generales
  • Esta prueba ha sido intentada 49 veces
  • La puntuación promedio es 45 de 92
Estadísticas de respuestas
Pos. Jugador Equipo % Correcto
DEL Cristiano Ronaldo Juventus
98%
POR Jordan Pickford Everton
95%
POR Jose Sa Olympiacos
93%
DEL Harry Kane Tottenham
90%
POR Rui Patricio Wolves
90%
MED Bernardo Silva Manchester City
88%
POR Jasper Cillessen Barcelona
88%
DEF John Stones Manchester City
88%
DEF Pepe Porto
88%
DEF Kyle Walker Manchester City
86%
DEF Mario Rui Napoli
86%
POR Yann Sommer B.Monchengladbach
86%
MED Frenkie de Jong Ajax
83%
DEL Luuk de Jong PSV
83%
DEL Marcus Rashford Manchester United
83%
MED Rafa Silva Benfica
83%
DEF Virgil van Dijk Liverpool
83%
MED Granit Xhaka Arsenal
81%
DEF Nelson Semedo Barcelona
81%
MED William Carvalho Betis
79%
DEL Jadon Sancho Borussia Dortmund
76%
DEF Raphael Guerreiro Borussia Dortmund
76%
DEF Harry Maguire Leicester City
74%
POR Jack Butland Stoke City
74%
DEF Joao Cancelo Juventus
74%
DEF Trent Alexander-Arnold Liverpool
74%
DEF Joe Gomez Liverpool
71%
DEF Ricardo Rodriguez Milan
71%
MED Xherdan Shaqiri Liverpool
71%
MED Goncalo Guedes Valencia
69%
MED Joao Moutinho Wolves
69%
MED Jordan Henderson Liverpool
67%
MED Eric Dier Tottenham
64%
DEF Jose Fonte Lille
64%
DEF Matthijs de Ligt Ajax
64%
DEL Memphis Depay Lyon
64%
MED Ruben Neves Wolves
64%
MED Georginio Wijnaldum Liverpool
62%
MED Marten de Roon Atalanta
62%
DEF Denzel Dumfries PSV
60%
DEL Joao Felix Benfica
60%
DEF Ruben Dias Benfica
57%
DEF Stefan de Vrij Inter
57%
DEF Manuel Akanji Borussia Dortmund
55%
DEL Haris Seferovic Benfica
52%
MED Raheem Sterling Manchester City
50%
DEF Danny Rose Tottenham
48%
DEL Diogo Jota Wolves
48%
DEF Fabian Schar Newcastle
48%
MED Declan Rice West Ham
45%
MED Dele Alli Tottenham
45%
MED Denis Zakaria B.Monchengladbach
43%
MED Donny van de Beek Ajax
43%
DEF Nathan Ake Bournemouth
43%
MED Bruno Fernandes Sporting Lisboa
40%
MED Danilo Pereira Porto
40%
DEF Daley Blind Ajax
38%
MED Remo Freuler Atalanta
38%
DEF Ben Chilwell Leicester City
36%
MED Kevin Strootman Marsella
36%
DEF Hans Hateboer Atalanta
33%
DEF Nico Elvedi B.Monchengladbach
33%
MED Jesse Lingard Manchester United
31%
DEF Michael Keane Everton
31%
DEL Callum Wilson Bournemouth
29%
MED Edimilson Fernandes Fiorentina
29%
MED Fabian Delph Manchester City
29%
POR Beto Goztepe
26%
DEF Kevin Mbabu Young Boys
26%
DEF Patrick van Aanholt Crystal Palace
26%
DEL Quincy Promes Sevilla
26%
DEL Steven Bergwijn PSV
19%
POR Yvon Mvogo RB Leipzig
17%
MED Pizzi Benfica
14%
MED Steven Zuber VfB Stuttgart
14%
POR Tom Heaton Burnley
14%
MED Davy Propper Brighton
12%
POR Jonas Omlin Basel
12%
POR Marco Bizot AZ
12%
MED Noah Okafor Basel
12%
DEF Michael Lang B.Monchengladbach
10%
MED Renato Steffen Wolfsburgo
10%
MED Ross Barkley Chelsea
10%
MED Djibril Sow Young Boys
5%
DEL Josip Drmic B.Monchengladbach
5%
POR Kenneth Vermeer Feyenoord
5%
DEF Loris Benito Young Boys
5%
DEL Ryan Babel Fulham
5%
DEL Albian Ajeti Basel
2%
DEL Dyego Sousa Braga
2%
DEF Francois Moubandje Toulouse
2%
MED Tonny Vilhena Feyenoord
2%
No se encontraron pruebas coincidentes
Distribución de puntuación
Porcentaje de gente con cada puntuación
Porcentaje por número respondido
Historial de tus puntuaciones
No has intentado esta prueba.